Morálne príčiny finančno-ekonomickej krízy

Vymedzenie pojmov etika a morálka. Morálne príčiny finančno-hospodárskej krízy podľa vybraných predstaviteľov ekonomickej teórie.

Saved in:
Bibliographic Details
Main Author: Vongrej, Marián
Format: Book Chapter
Language:Slovak
Subjects:
Tags: Add Tag
No Tags, Be the first to tag this record!

MARC

LEADER 00000naa$a2200000$$$4500
001 0114683
005 20240604101827.8
041 0 |a slo 
044 |a SK 
245 1 0 |a Morálne príčiny finančno-ekonomickej krízy  |c Marián Vongrej 
520 |a Vymedzenie pojmov etika a morálka. Morálne príčiny finančno-hospodárskej krízy podľa vybraných predstaviteľov ekonomickej teórie. 
610 2 0 |a etika 
610 2 0 |a morálka 
610 2 0 |a teórie ekonomické 
610 2 0 |a kríza finančná 
610 2 0 |a kríza hospodárska 
100 1 |a Vongrej, Marián